| 000 | 00459nam a22001457a 4500 | ||
|---|---|---|---|
| 999 |
_c513980 _d513980 |
||
| 008 | 200924b ||||| |||| 00| 0 eng d | ||
| 100 |
_aMohapatra, Amiya Kumar. _917991 |
||
| 245 | _aBudget 2020-21: changing the landscape of rural economy | ||
| 260 | _aKurukshetra | ||
| 300 | _a68(5), Mar, 2020: p.9-19 | ||
| 650 |
_aEconomic development - India, Rural development - India _917974 |
||
| 773 | _aKurukshetra | ||
| 906 | _aBUDGET - INDIA | ||
| 942 | _cAR | ||